000 01014nam a22002537a 4500
005 20170124102936.0
010 _aA-766578
020 _c60.00
_a8170163250
035 _aA-766578
037 _bCen Lib/Ret
040 _aDPL
_bHN
082 _a827
_bदुबेअ
100 _aदुबे, अश्विनी कुमार
_947512
245 _aअटैची संस्कृति /
_cअश्विनी कुमार दुबे
246 _aAtaichi sanskriti /
_bby Ashvini Kumar Dube
260 _aदिल्ली
_bकिताब घर
_c1996
270 _aगाँधी नगर
_bदिल्ली
_e110031
300 _a136पृ.
_c21सेमी (सजिल्द)
650 _aहिंदी साहित्य
_947513
650 _aहिंदी साहित्य --कहानिया
_91009
650 _aHindi literature
_947514
650 _aHindi literature--Stories
_947515
942 _2ddc
_cHN
_h827
_mदुबेअ
999 _c112266
_d112266